Straßenbahn Halberstadt - Statistiken

Allgemein
  • Dieses Quiz wurde 19 mal gespielt
  • Das Durchschnittsergebnis liegt bei 14 aus 32
Antwortstatistiken
Hint Antwort % Korrekt
1 Hauptbahnhof
79%
2 Hauptbahnhof
79%
Holzmarkt
79%
Holzmarkt
79%
Klus
79%
Friedhof
64%
Sargstedter Weg
64%
Fischmarkt
50%
Hoher Weg
50%
Hoher Weg
50%
Johannesbrunnen
50%
Beckerstraße (Richtungshalt)
43%
Beckerstraße (Richtungshalt)
43%
Herbingstraße
43%
Richard-Wagner-Straße
43%
Richard-Wagner-Straße
43%
Zuckerfabrik
43%
Zw. 2 Am FSZ
36%
Gröperstraße
36%
Heinrich-Heine-Platz
36%
Heinrich-Heine-Platz
36%
Landratsamt
36%
Voigtei
36%
Erich-Weinert-Straße
29%
Klussstraße
29%
Kühlinger Straße
29%
Spiegelstraße
29%
Torteich
29%
Zw. 1 Westerhäuser Straße
29%
Heinrich-Julius-Straße
21%
Kirschallee
21%
Theater
14%
Keine übereinstimmenden Quizze gefunden
Verteilung der Resultate
Anzahl Personen mit jedem Resultat
Perzentil nach korrekt beantworteten Fragen
Ihre Resultats-Entwicklung
Sie haben dieses Quiz noch nicht gespielt